00777nam a2200229Ia 450000500170000000800410001702000230005804100080008108200150008910000300010424500640013425000120019826000400021030000090025050000290025965000360028870000300032490600110035494200070036599900170037295201580038920251122104057.0230125s9999 xx 000 0 und d a978150984354190000 aeng a158.1bBAR aBarabasi Albert L9215487 aThe Formula : The Science behind Why People Succeed Or Fail a1st Ed. c2018bMacmillan publicationaLondon a310p aPersonality Development  aPersonality Development9213420 aBarabasi Albert L9215487 b167.72 cBK c96174d96174 00104070aHIMRbHIMRd2020-01-02eForward Booksg599.00i11159l0o158.1 BAR B19295pHIMR-BK-19295r2023-01-25 00:00:00v431.28w2023-01-25yBKzB19295